[Event "Moscow op-A"]
[Site "Moscow"]
[Date "2012.02.04"]
[Round "8"]
[White "Iljiushenok, Ilia"]
[Black "Filipenko, Alexander V"]
[Result "1-0"]
[WhiteElo "2422"]
[BlackElo "2351"]
[PlyCount "99"]
[EventDate "2012.01.28"]
[EventType "swiss"]
[EventRounds "9"]
[EventCountry "RUS"]
[SourceTitle "OM OTB B 201907"]
[Source "Opening Master"]
[SourceDate "2019.07.06"]
[SourceVersion "2"]
[SourceVersionDate "2019.07.06"]
[SourceQuality "1"]

1. e4 c5 2. Nf3 d6 3. d4 cxd4 4. Nxd4 Nf6 5. Nc3 Nc6 6. Be2 e5 7. Nb3 Be7 8.
O-O O-O 9. Re1 Be6 10. Bf3 a5 11. a4 Rc8 12. Nd5 Bxd5 13. exd5 Nb8 14. Bd2 b6
15. c3 Nfd7 16. g3 Bg5 17. Bg2 Nc5 18. f4 exf4 19. gxf4 Bh4 20. Re3 Nxb3 21.
Qxb3 Nd7 22. Qd1 g6 23. Qg4 f5 24. Qe2 Nc5 25. Be1 Bf6 26. Bf2 Rc7 27. Qb5 Re7
28. Rxe7 Bxe7 29. b4 Nd7 30. Qc6 Rf7 31. Re1 axb4 32. cxb4 Bh4 33. Bxh4 Qxh4
34. Re8+ Kg7 35. Qxd6 Nf6 36. Re2 g5 37. Qe5 gxf4 38. Rf2 Kg6 39. Qxf4 Ng4 40.
Re2 Qh5 41. d6 Nxh2 42. Re6+ Rf6 43. Rxf6+ Kxf6 44. Qd4+ Ke6 45. d7 Nf3+ 46.
Bxf3 Qxf3 47. d8=Q Qg3+ 48. Kf1 Qh3+ 49. Ke2 Qh5+ 50. Kd2 1-0

[Event "St Petersburg-ch sf 85th"]
[Site "St Petersburg"]
[Date "2012.02.01"]
[Round "5.9"]
[White "Ivanov, Miroslav"]
[Black "Donskov, Anatoly"]
[Result "0-1"]
[WhiteElo "2070"]
[BlackElo "2306"]
[PlyCount "78"]
[EventDate "2012.01.28"]
[EventType "swiss"]
[EventRounds "9"]
[EventCountry "RUS"]
[SourceTitle "OM OTB B 201907"]
[Source "Opening Master"]
[SourceDate "2019.07.06"]
[SourceVersion "2"]
[SourceVersionDate "2019.07.06"]
[SourceQuality "1"]

1. e4 c5 2. Nf3 Nc6 3. d4 cxd4 4. Nxd4 Nf6 5. Nc3 d6 6. Be2 e5 7. Nf3 Be7 8.
O-O h6 9. Re1 O-O 10. h3 Be6 11. Nh2 d5 12. exd5 Nxd5 13. Nxd5 Bxd5 14. Bf3
Bxf3 15. Nxf3 Bf6 16. Nd2 g6 17. c3 Bg7 18. Ne4 Qc7 19. Be3 Rad8 20. Qa4 b6 21.
Nd2 f5 22. Nf1 Na5 23. Rad1 Nc4 24. Bc1 e4 25. Rxd8 Rxd8 26. Rd1 Rxd1 27. Qxd1
Kh7 28. Qd5 Ne5 29. Bf4 Nf3+ 30. gxf3 Qxf4 31. fxe4 fxe4 32. Qd2 Qf7 33. b3 Qf5
34. Qe3 Qa5 35. Ng3 Qxa2 36. c4 a5 37. Qxb6 Qb1+ 38. Kg2 a4 39. Qb5 a3 0-1

[Event "Mazowiec-chT op 1112"]
[Site "Poland"]
[Date "2012.01.29"]
[Round "3.34"]
[White "Marks, Zofia"]
[Black "Kowalska, Elzbieta"]
[Result "0-1"]
[WhiteElo "1960"]
[BlackElo "1927"]
[PlyCount "54"]
[EventDate "2012.01.08"]
[EventType "team-swiss"]
[EventRounds "10"]
[EventCountry "POL"]
[SourceTitle "OM OTB B 201907"]
[Source "Opening Master"]
[SourceDate "2019.07.06"]
[SourceVersion "2"]
[SourceVersionDate "2019.07.06"]
[SourceQuality "1"]

1. e4 c5 2. Nf3 Nc6 3. d4 cxd4 4. Nxd4 Nf6 5. Nc3 d6 6. Be2 e5 7. Nb3 Be7 8.
Be3 O-O 9. Qd2 a6 10. f3 b5 11. g4 b4 12. Nd5 Nxd5 13. exd5 Bh4+ 14. Kf1 Ne7
15. Rd1 Bb7 16. Bc4 a5 17. Rg1 f5 18. gxf5 Nxf5 19. Bg5 Bxg5 20. Rxg5 Nh4 21.
Be2 Nxf3 22. Bxf3 Rxf3+ 23. Kg2 Qf6 24. Kh1 Rf1+ 25. Rxf1 Qxf1+ 26. Rg1 Qf3+
27. Qg2 Bxd5 0-1

[Event "Nova Odessa Cup"]
[Site "Nova Odessa"]
[Date "2012.01.28"]
[Round "1"]
[White "Silva, Alexandre Freitas"]
[Black "Correia, Vitor Paie"]
[Result "1-0"]
[WhiteElo "1840"]
[BlackElo "1504"]
[PlyCount "45"]
[EventDate "2012.01.28"]
[EventType "swiss"]
[EventRounds "5"]
[EventCountry "BRA"]
[SourceTitle "OM OTB B 201907"]
[Source "Opening Master"]
[SourceDate "2019.07.06"]
[SourceVersion "2"]
[SourceVersionDate "2019.07.06"]
[SourceQuality "1"]

1. e4 c5 2. Nf3 Nc6 3. d4 cxd4 4. Nxd4 Nf6 5. Nc3 d6 6. Be2 e5 7. Nb3 Be7 8.
O-O O-O 9. f4 Qb6+ 10. Kh1 Rd8 11. f5 h6 12. g4 Qc7 13. g5 hxg5 14. Bxg5 b6 15.
Qd2 Bb7 16. Bxf6 Bxf6 17. Nd5 Qd7 18. Nxf6+ gxf6 19. Qh6 Ne7 20. Rg1+ Ng6 21.
Bf3 Qe8 22. fxg6 fxg6 23. Rxg6+ 1-0

[Event "Germany ch67 V08"]
[Site "BdF server"]
[Date "2012.01.22"]
[Round "?"]
[White "Seyb, Norbert"]
[Black "Fischer, Detlev"]
[Result "1-0"]
[WhiteElo "1756"]
[BlackElo "2120"]
[PlyCount "81"]
[EventDate "2012.01.30"]
[EventType "tourn (corr)"]
[EventRounds "6"]
[EventCountry "GER"]
[SourceTitle "UltraCorr previous"]
[Source "Tim Harding"]
[SourceDate "2019.01.10"]
[SourceVersion "2"]
[SourceVersionDate "2019.01.10"]
[SourceQuality "1"]

1. e4 c5 2. Nf3 Nc6 3. d4 cxd4 4. Nxd4 Nf6 5. Nc3 d6 6. Be2 e5 7. Nb3 Be7 8.
O-O O-O 9. Be3 Be6 10. Bf3 Na5 11. Nxa5 Qxa5 12. Qd2 Kh8 13. Rfd1 Rac8 14. a3
h6 15. h3 a6 16. Rac1 b5 17. Nd5 Qxd2 18. Rxd2 Nxd5 19. exd5 Bd7 20. c3 f5 21.
Bh5 f4 22. Bb6 Rb8 23. Bc7 Rb7 24. Ba5 f3 25. Re1 fxg2 26. Kxg2 Bf5 27. b3 Bh4
28. Bb4 Rd7 29. c4 bxc4 30. bxc4 Rc8 31. Be2 Bd8 32. Rb2 Bb6 33. Bc3 Ba7 34.
Kg3 Rf7 35. h4 Rcf8 36. f3 Kg8 37. Rb3 Bc2 38. Rb2 Bg6 39. Rb3 Bc2 40. Rb2 Be3
41. Rxc2 1-0

[Event "BL 1112 (Women)"]
[Site "Germany"]
[Date "2012.01.21"]
[Round "6.6"]
[White "Jeske, Kirsten"]
[Black "Jahn, Constanze"]
[Result "1/2-1/2"]
[WhiteElo "2046"]
[BlackElo "2139"]
[PlyCount "27"]
[EventDate "2011.10.29"]
[EventType "team-tourn"]
[EventRounds "11"]
[EventCountry "GER"]
[SourceTitle "OM OTB B 201907"]
[Source "Opening Master"]
[SourceDate "2019.07.06"]
[SourceVersion "2"]
[SourceVersionDate "2019.07.06"]
[SourceQuality "1"]

1. e4 c5 2. Nf3 Nc6 3. d4 cxd4 4. Nxd4 Nf6 5. Nc3 d6 6. Be2 e5 7. Nb3 Be7 8.
O-O Be6 9. Kh1 O-O 10. f4 exf4 11. Bxf4 d5 12. exd5 Nxd5 13. Nxd5 Qxd5 14. Qxd5
1/2-1/2

[Event "CZE-chTE U20 1112"]
[Site "Czechia"]
[Date "2012.01.21"]
[Round "6.3"]
[White "Simonik, Adam"]
[Black "Svoboda, Matej"]
[Result "0-1"]
[WhiteElo "1885"]
[BlackElo "1982"]
[PlyCount "32"]
[EventDate "2011.10.15"]
[EventType "team-tourn"]
[EventRounds "7"]
[EventCountry "CZE"]
[SourceTitle "OM OTB B 201907"]
[Source "Opening Master"]
[SourceDate "2019.07.06"]
[SourceVersion "2"]
[SourceVersionDate "2019.07.06"]
[SourceQuality "1"]

1. e4 c5 2. Nf3 Nc6 3. d4 cxd4 4. Nxd4 Nf6 5. Nc3 d6 6. Be2 e5 7. Nb3 Be7 8.
Be3 O-O 9. Qd2 d5 10. a4 Be6 11. f3 Nb4 12. O-O a5 13. exd5 Nfxd5 14. Nxd5 Nxd5
15. Bc5 Bxc5+ 16. Nxc5 Qb6 0-1

[Event "Prague op-A 11th"]
[Site "Prague"]
[Date "2012.01.16"]
[Round "4"]
[White "Pastuszko, Kinga"]
[Black "Dolezal, Vit"]
[Result "1-0"]
[WhiteElo "1912"]
[BlackElo "2070"]
[PlyCount "77"]
[EventDate "2012.01.13"]
[EventType "swiss"]
[EventRounds "9"]
[EventCountry "CZE"]
[SourceTitle "OM OTB B 201907"]
[Source "Opening Master"]
[SourceDate "2019.07.06"]
[SourceVersion "2"]
[SourceVersionDate "2019.07.06"]
[SourceQuality "1"]

1. e4 c5 2. Nf3 Nc6 3. d4 cxd4 4. Nxd4 Nf6 5. Nc3 d6 6. Be2 e5 7. Nf3 h6 8. h3
Be7 9. O-O Be6 10. Nd2 O-O 11. Nc4 Nd4 12. Ne3 Rc8 13. Bd3 a6 14. Kh1 Qd7 15.
Ncd5 Bd8 16. c3 Nc6 17. Kh2 Bxd5 18. Nxd5 Nxd5 19. exd5 Ne7 20. f4 f5 21. fxe5
dxe5 22. d6 Nc6 23. Qh5 Qxd6 24. Bxf5 Rc7 25. Be3 Rcf7 26. Bh7+ Kxh7 27. Rxf7
Rxf7 28. Qxf7 Qd3 29. Qf3 Qg6 30. Rf1 Ne7 31. Qxb7 e4 32. Qd7 Nc6 33. Qf5 Bc7+
34. Kg1 Ne5 35. Qxg6+ Kxg6 36. Rf4 Nc4 37. Rxe4 Nxe3 38. Rxe3 Bb6 39. Kf2 1-0

[Event "5th Gora Swietej Anny"]
[Site "Gora Swietej Anny POL"]
[Date "2012.01.12"]
[Round "2.8"]
[White "Lukasiewicz, Krzysztof (wh)"]
[Black "Piotrowski, P. (bl)"]
[Result "0-1"]
[WhiteElo "1654"]
[BlackElo "1991"]
[PlyCount "119"]
[EventDate "2012.??.??"]

1. e4 c5 2. Nf3 d6 3. d4 cxd4 4. Nxd4 Nf6 5. Nc3 Nc6 6. Be2 e5 7. Nb3 Be7 8.
O-O Be6 9. Bg5 O-O 10. Bxf6 Bxf6 11. Nd5 Bxd5 12. Qxd5 a5 13. a4 Nb4 14. Qd2
Bg5 15. Qd1 Qc7 16. c3 Na6 17. Qd5 Nc5 18. Rfd1 Rfd8 19. Nd2 Qc6 20. Nc4 Nxe4
21. f3 Qc5+ 22. Qxc5 Nxc5 23. Nxd6 Be7 24. Nf5 Kf8 25. Bb5 Nb3 26. Rab1 Bc5+
27. Kf1 g6 28. Ng3 Ke7 29. Ne4 f5 30. Nxc5 Nxc5 31. Re1 Kf6 32. Rbd1 e4 33.
fxe4 Nxe4 34. Kg1 Ke5 35. Bd3 b6 36. Re3 Kf6 37. Rde1 Nc5 38. Bb5 Rd2 39. R3e2
Rad8 40. b4 Rxe2 41. Rxe2 Rd1+ 42. Kf2 Ne4+ 43. Ke3 Nxc3 44. Rc2 axb4 45. Rb2
Rd6 46. Kf3 Nxb5 47. axb5 Rd4 48. Ke3 Ke5 49. Ke2 Kd5 50. Ke3 f4+ 51. Kf3 Kc5
52. g3 fxg3 53. Kxg3 Kxb5 54. Kf3 Kc4 55. Ke3 Rd3+ 56. Ke2 b3 57. Rb1 Rh3 58.
Rc1+ Kb4 59. Rh1 b2 60. Kf2 0-1

[Event "Team match"]
[Site "http://gameknot.com/chess.pl?"]
[Date "2012.01.11"]
[Round "?"]
[White "bbbb4"]
[Black "twobking"]
[Result "1-0"]
[WhiteElo "2110"]
[BlackElo "2179"]
[PlyCount "81"]
[EventDate "2012.??.??"]

1. e4 c5 2. Nf3 d6 3. d4 cxd4 4. Nxd4 Nf6 5. Nc3 Nc6 6. Be2 e5 7. Nb3 Be7 8.
O-O O-O 9. Be3 Be6 10. f3 d5 11. exd5 Nxd5 12. Nxd5 Bxd5 13. c3 Qd6 14. Qc2 Qc7
15. Bd3 g6 16. Qe2 Rfd8 17. Rad1 Bh4 18. Be4 Ne7 19. Nc5 b6 20. Na6 Bc4 21. Bd3
Bxd3 22. Rxd3 Qb7 23. Nb4 Nf5 24. Rfd1 Rxd3 25. Rxd3 e4 26. fxe4 Qxe4 27. Qf3
Qxf3 28. gxf3 Re8 29. Bd2 Re2 30. Nd5 h6 31. b3 Kg7 32. c4 Bf6 33. Nxf6 Kxf6
34. b4 Re7 35. Kf2 Rc7 36. Rc3 Ke5 37. Rc1 Rc6 38. b5 Rc8 39. Bc3+ Ke6 40. Bb2
f6 41. Ba3 1-0

[Event "CZE-chT2F 1112"]
[Site "Czechia"]
[Date "2012.01.08"]
[Round "5.68"]
[White "Zalesky, Karel"]
[Black "Kubik, Michael"]
[Result "0-1"]
[WhiteElo "2116"]
[BlackElo "1980"]
[PlyCount "122"]
[EventDate "2011.10.09"]
[EventType "team-tourn"]
[EventRounds "11"]
[EventCountry "CZE"]
[SourceTitle "OM OTB B 201907"]
[Source "Opening Master"]
[SourceDate "2019.07.06"]
[SourceVersion "2"]
[SourceVersionDate "2019.07.06"]
[SourceQuality "1"]

1. e4 c5 2. Nf3 d6 3. d4 cxd4 4. Nxd4 Nf6 5. Nc3 Nc6 6. Be2 e5 7. Nb3 Be7 8.
O-O O-O 9. f4 exf4 10. Bxf4 Be6 11. Kh1 d5 12. e5 Nd7 13. Nxd5 Ndxe5 14. Nxe7+
Qxe7 15. Nd4 Rfd8 16. Nxc6 Nxc6 17. Qe1 Nb4 18. Bd1 Rac8 19. Rf2 Nd5 20. Bg3
Qc5 21. Rd2 Nb6 22. Bf2 Qb5 23. Rxd8+ Rxd8 24. b3 Nd7 25. c4 Qf5 26. Bf3 Ne5
27. Be4 Qh5 28. Bg3 Nd3 29. Qe3 Nc5 30. Bf3 Qf5 31. b4 Na6 32. b5 Nc5 33. Be2
b6 34. a4 Qc2 35. Rc1 Qd2 36. Bf4 Qb4 37. Be5 Qd2 38. Qxd2 Rxd2 39. Rd1 Rxd1+
40. Bxd1 Nd7 41. Bd6 Bxc4 42. Kg1 f6 43. Kf2 Kf7 44. Ke3 Ke6 45. Bc7 Kd5 46.
Bg4 Ne5 47. Bc8 Bb3 48. Bb8 Bxa4 49. Bxa7 Bxb5 50. h4 Bd7 51. Bb7+ Kc5 52. Bb8
b5 53. Ba7+ Kc4 54. g3 Bc6 55. Bc8 b4 56. Kd2 Be4 57. Ba6+ Kb3 58. Bd4 Nf3+ 59.
Ke3 Nxd4 60. Kxe4 Kc3 61. Bd3 Nc2 0-1

[Event "CZE-chT2E 1112"]
[Site "Czechia"]
[Date "2012.01.08"]
[Round "5.3"]
[White "Stachon, Martin"]
[Black "Balsinek, Pavel"]
[Result "1/2-1/2"]
[WhiteElo "2044"]
[BlackElo "2084"]
[PlyCount "138"]
[EventDate "2011.10.09"]
[EventType "team-tourn"]
[EventRounds "11"]
[EventCountry "CZE"]
[SourceTitle "OM OTB B 201907"]
[Source "Opening Master"]
[SourceDate "2019.07.06"]
[SourceVersion "2"]
[SourceVersionDate "2019.07.06"]
[SourceQuality "1"]

1. e4 c5 2. Nf3 Nc6 3. d4 cxd4 4. Nxd4 Nf6 5. Nc3 d6 6. Be2 e5 7. Nf3 h6 8. h3
Be7 9. O-O O-O 10. Re1 Be6 11. Bf1 Rc8 12. a4 a5 13. Nd5 Bxd5 14. exd5 Nb4 15.
c4 Nd7 16. Bd2 Na6 17. Bc3 Nac5 18. Rb1 b6 19. b4 axb4 20. Rxb4 f5 21. Qc2 Ne4
22. Ba1 Qc7 23. Bd3 Ndc5 24. Reb1 Bd8 25. Nd2 Qf7 26. Nb3 Nxb3 27. R4xb3 Nc5
28. Rb5 Ra8 29. R5b4 Qd7 30. Bc3 Rxa4 31. Rxa4 Nxa4 32. Bb4 Nc5 33. Bxc5 bxc5
34. Rb8 e4 35. Be2 Qf7 36. Qb3 Bf6 37. Rxf8+ Qxf8 38. Bh5 f4 39. Qb5 e3 40.
fxe3 fxe3 41. Qe8 Qxe8 42. Bxe8 Kf8 43. Bh5 Bd4 44. Be2 Be5 45. g4 Ke7 46. Kg2
Kf6 47. Kf3 Bd4 48. Bf1 Kg5 49. Be2 Kh4 50. Kg2 Bc3 51. Bd1 Be1 52. Be2 Bd2 53.
Bd1 Kg5 54. Kf3 Kf6 55. Be2 Ke5 56. Bf1 Kd4 57. Be2 Be1 58. Bf1 Bf2 59. Be2 Kc3
60. Bf1 Kd2 61. Be2 Bh4 62. Bf1 Bg5 63. Be2 Ke1 64. Bd3 Kd2 65. Be2 Bf4 66. Bf1
Be5 67. Be2 Bd4 68. Bf1 Ke1 69. Be2 Kd2 1/2-1/2

[Event "Northern California op"]
[Site "Freemont"]
[Date "2012.01.07"]
[Round "8"]
[White "Pruess, David"]
[Black "Lobo, Richard"]
[Result "1-0"]
[WhiteElo "2395"]
[BlackElo "2251"]
[PlyCount "58"]
[EventDate "2012.01.02"]
[EventType "swiss"]
[EventRounds "9"]
[EventCountry "USA"]
[SourceTitle "OM OTB B 201907"]
[Source "Opening Master"]
[SourceDate "2019.07.06"]
[SourceVersion "2"]
[SourceVersionDate "2019.07.06"]
[SourceQuality "1"]

1. e4 c5 2. Nf3 d6 3. d4 cxd4 4. Nxd4 Nf6 5. Nc3 Nc6 6. Be2 e5 7. Nb3 Be6 8. f4
exf4 9. Bxf4 Be7 10. Qd2 O-O 11. O-O-O Ne5 12. h3 Rc8 13. g4 a6 14. g5 Nfd7 15.
h4 Qc7 16. h5 b5 17. g6 b4 18. Nd5 Bxd5 19. exd5 fxg6 20. Nd4 Nc5 21. Nc6 Ne4
22. Qe3 Nxc6 23. Qxe4 Ne5 24. Bxe5 dxe5 25. d6 Bxd6 26. Bxa6 Rcd8 27. Bc4+ Kh8
28. hxg6 h6 29. Bf7 Bc5 1-0

[Event "Milan op 01"]
[Site "Milan"]
[Date "2012.01.06"]
[Round "6"]
[White "Pelizzola, Danilo"]
[Black "Martinez, Rolly"]
[Result "0-1"]
[WhiteElo "1963"]
[BlackElo "2420"]
[PlyCount "68"]
[EventDate "2012.01.02"]
[EventType "swiss"]
[EventRounds "9"]
[EventCountry "ITA"]
[SourceTitle "OM OTB B 201907"]
[Source "Opening Master"]
[SourceDate "2019.07.06"]
[SourceVersion "2"]
[SourceVersionDate "2019.07.06"]
[SourceQuality "1"]

1. e4 c5 2. Nf3 d6 3. d4 cxd4 4. Nxd4 Nf6 5. Nc3 Nc6 6. Be2 e5 7. Nf3 h6 8. O-O
Be7 9. b3 O-O 10. Bb2 Be6 11. Re1 Qa5 12. Nd2 d5 13. exd5 Nxd5 14. Nxd5 Bxd5
15. Nc4 Bxc4 16. Bxc4 Rad8 17. Qg4 Ba3 18. Bxa3 Qxa3 19. Re3 Rd4 20. Qh5 Qb2
21. Rf1 Qxc2 22. Rg3 Qd2 23. Rf3 Rd7 24. Rg3 Kh8 25. Qf5 Rd6 26. h4 g6 27. Qb1
Kg7 28. Re3 a6 29. h5 g5 30. Rf3 Nd4 31. Re3 b5 32. Bd3 Re8 33. Rfe1 Rf6 34.
Rf1 Rxf2 0-1

[Event "Fast Ladder"]
[Site "http://gameknot.com/chess.pl?"]
[Date "2012.01.04"]
[Round "?"]
[White "Terminator077"]
[Black "Zockz"]
[Result "1/2-1/2"]
[WhiteElo "2023"]
[BlackElo "2232"]
[PlyCount "74"]
[EventDate "2012.??.??"]

1. e4 c5 2. Nf3 d6 3. d4 cxd4 4. Nxd4 Nf6 5. Nc3 Nc6 6. Be2 e5 7. Nf3 h6 8. O-O
Be7 9. Re1 Be6 10. h3 Rc8 11. Bf1 Nb8 12. Qd2 Nbd7 13. b3 O-O 14. Bb2 Qc7 15.
Rad1 a6 16. Nh4 b5 17. a3 Nb6 18. Qe2 Rfd8 19. Nf5 Bxf5 20. exf5 Nfd7 21. a4
bxa4 22. bxa4 Nf6 23. Qxa6 Ra8 24. Qd3 Nxa4 25. Nxa4 Rxa4 26. c4 Ra2 27. Qb3
Rda8 28. Ra1 Rxa1 29. Bxa1 Rb8 30. Qf3 Bd8 31. Bc3 Rb3 32. Re3 Qb8 33. c5 e4
34. Qg3 dxc5 35. Bxf6 Qxg3 36. fxg3 Rxe3 37. Kf2 Rxg3 1/2-1/2

[Event "FICGS Wch st1 g18"]
[Site "corr FICGS"]
[Date "2012.01.01"]
[Round "1"]
[White "Pech, Matej"]
[Black "Yarkov, EvgenyVeniaminovich"]
[Result "0-1"]
[WhiteElo "1074"]
[BlackElo "2076"]
[PlyCount "22"]
[EventDate "2012.??.??"]
[SourceTitle "FICGS pre-2020"]
[Source "Tim Harding"]
[SourceDate "2020.02.15"]
[SourceVersion "3"]
[SourceVersionDate "2020.02.01"]
[SourceQuality "1"]

1. e4 c5 2. Nf3 Nc6 3. d4 cxd4 4. Nxd4 Nf6 5. Nc3 d6 6. Be2 e5 7. Nb3 Be7 8.
O-O O-O 9. Be3 a5 10. a4 Nb4 11. f4 Be6 0-1

[Event "CHI-ch"]
[Site "Santiago de Chile"]
[Date "2012.??.??"]
[Round "6"]
[White "Caceres Salinas, David Alejandro"]
[Black "Valdes Escobar, Alvaro Daniel"]
[Result "0-1"]
[WhiteElo "2093"]
[BlackElo "2392"]
[PlyCount "72"]
[EventDate "2012.02.18"]
[EventType "tourn"]
[EventRounds "11"]
[EventCountry "CHI"]
[EventCategory "3"]
[SourceTitle "OM OTB B 201907"]
[Source "Opening Master"]
[SourceDate "2019.07.06"]
[SourceVersion "2"]
[SourceVersionDate "2019.07.06"]
[SourceQuality "1"]

1. e4 c5 2. Nf3 Nc6 3. d4 cxd4 4. Nxd4 Nf6 5. Nc3 d6 6. Be2 e5 7. Nb3 Be7 8.
Be3 a5 9. a4 O-O 10. O-O Nb4 11. Bf3 Be6 12. Nc1 d5 13. exd5 Nbxd5 14. Nxd5
Nxd5 15. Bxd5 Bxd5 16. Ne2 Bc4 17. Qxd8 Rfxd8 18. Rfe1 Bb4 19. c3 Bf8 20. f4
Rd3 21. Kf2 f6 22. Rad1 Rad8 23. Rxd3 Rxd3 24. Nc1 Rd7 25. fxe5 fxe5 26. b3 Bf7
27. h3 Ba3 28. c4 Bb4 29. Rg1 Bg6 30. Ke2 Bc2 31. g4 e4 32. Rg3 Bd1+ 33. Kf2
Rf7+ 34. Kg2 Be1 35. Bb6 Bxg3 36. Kxg3 Bxb3 0-1

[Event "POL-chT3 1112"]
[Site "Poland"]
[Date "2012.??.??"]
[Round "5.18"]
[White "Ryszkiewicz, Barbara"]
[Black "Glapa, Anna"]
[Result "0-1"]
[WhiteElo "1690"]
[BlackElo "1521"]
[PlyCount "76"]
[EventDate "2011.11.27"]
[EventType "team-tourn"]
[EventRounds "11"]
[EventCountry "POL"]
[SourceTitle "OM OTB B 201907"]
[Source "Opening Master"]
[SourceDate "2019.07.06"]
[SourceVersion "2"]
[SourceVersionDate "2019.07.06"]
[SourceQuality "1"]

1. e4 c5 2. Nf3 Nc6 3. Nc3 d6 4. Be2 Nf6 5. d4 cxd4 6. Nxd4 e5 7. Nf3 Be7 8.
O-O a6 9. Be3 O-O 10. Na4 Nxe4 11. Nb6 Rb8 12. Nc4 b5 13. Ncd2 Nxd2 14. Qxd2 d5
15. Rad1 Be6 16. c3 h6 17. h3 f5 18. Qe1 f4 19. Bc1 e4 20. Nh2 f3 21. Bxf3 Bg5
22. Bg4 Bf7 23. Qe2 Ne5 24. Be3 Nd3 25. f4 Bh4 26. f5 Qd6 27. Bh5 Bg3 28. Bxf7+
Rxf7 29. Ng4 h5 30. Nf2 Bxf2+ 31. Bxf2 Rxf5 32. Be3 Rbf8 33. b4 Qg3 34. Rxf5
Rxf5 35. Bd2 Nf2 36. Rf1 Nxh3+ 37. Kh1 Nf2+ 38. Kg1 Ng4 0-1

[Event "POL-chT3 U20 Dolnoslaskie"]
[Site "Karpacz"]
[Date "2012.??.??"]
[Round "4.8"]
[White "Marko, Piotr"]
[Black "Chmielewski, Jakub"]
[Result "1/2-1/2"]
[WhiteElo "1506"]
[BlackElo "1754"]
[PlyCount "42"]
[EventDate "2012.03.30"]
[EventType "team"]
[EventRounds "6"]
[EventCountry "POL"]
[SourceTitle "OM OTB B 201907"]
[Source "Opening Master"]
[SourceDate "2019.07.06"]
[SourceVersion "2"]
[SourceVersionDate "2019.07.06"]
[SourceQuality "1"]

1. e4 c5 2. Nf3 d6 3. d4 cxd4 4. Nxd4 Nf6 5. Nc3 Nc6 6. Be2 e5 7. Nb3 Be6 8.
Bg5 Be7 9. Qd2 O-O 10. O-O-O Rc8 11. Bxf6 Bxf6 12. Kb1 a5 13. Qxd6 Qb6 14. Qc5
Qc7 15. Nd5 Qb8 16. Nxf6+ gxf6 17. Qe3 Nb4 18. c3 Nxa2 19. Qh6 Rxc3 20. Qxf6
Rxb3 21. Qg5+ Kh8 1/2-1/2

[Event "Campeonato Goiano Absoluto 2012"]
[Site "Goiania-GO"]
[Date "2012.??.??"]
[Round "3.2"]
[White "Garcia, Gabriel Gonzaga"]
[Black "Wilhelms, Diego Lima"]
[Result "1/2-1/2"]
[WhiteElo "1893"]
[BlackElo "2123"]
[PlyCount "114"]
[EventDate "2012.12.01"]
[EventRounds "9"]
[EventCountry "BRA"]
[SourceTitle "OM OTB B 201907"]
[Source "Opening Master"]
[SourceDate "2019.07.06"]
[SourceVersion "2"]
[SourceVersionDate "2019.07.06"]
[SourceQuality "1"]

1. e4 c5 2. Nf3 d6 3. d4 cxd4 4. Nxd4 Nf6 5. Nc3 Nc6 6. Be2 e5 7. Nb3 Be7 8.
Be3 O-O 9. O-O Be6 10. f4 exf4 11. Bxf4 Rc8 12. Kh1 a6 13. Qd3 Nb4 14. Qd2 d5
15. a3 Nc6 16. e5 Ne4 17. Nxe4 dxe4 18. Qe3 Bxb3 19. cxb3 Qd4 20. e6 fxe6 21.
Bc4 Kh8 22. Bxe6 Rcd8 23. Qh3 Qxb2 24. Bf5 g6 25. Bxg6 Qg7 26. Bf5 Rd3 27. Bg3
Rxb3 28. Bxe4 Rxa3 29. Rae1 Rxf1+ 30. Rxf1 Ra1 31. Be1 Nd8 32. Qd7 Bf6 33. Qe8+
Qg8 34. Qh5 Ne6 35. g3 Ng5 36. Bxb7 Qe6 37. Qh6 Kg8 38. Qxf6 Qxf6 39. Rxf6
Rxe1+ 40. Kg2 Re2+ 41. Rf2 Rxf2+ 42. Kxf2 a5 43. Ke3 Kg7 44. Kd4 Kf6 45. Kc5
Ne6+ 46. Kb5 a4 47. Be4 h6 48. Kb4 Ke5 49. Bc6 Nd4 50. Bxa4 Nf3 51. h3 Ng1 52.
Bd7 Ne2 53. g4 Kf4 54. h4 Nd4 55. Kc4 Nf3 56. g5 hxg5 57. hxg5 Kxg5 1/2-1/2

[Event "GER-chT U20"]
[Site "Osnabrueck"]
[Date "2011.12.30"]
[Round "7.5"]
[White "Rethmann, Kristin"]
[Black "Hinrichs, Jan"]
[Result "1/2-1/2"]
[WhiteElo "1799"]
[BlackElo "1957"]
[PlyCount "82"]
[EventDate "2011.12.27"]
[EventType "team-swiss"]
[EventRounds "7"]
[EventCountry "GER"]
[SourceTitle "OM OTB B 201907"]
[Source "Opening Master"]
[SourceDate "2019.07.06"]
[SourceVersion "2"]
[SourceVersionDate "2019.07.06"]
[SourceQuality "1"]

1. e4 c5 2. Nf3 Nc6 3. d4 cxd4 4. Nxd4 Nf6 5. Nc3 d6 6. Be2 e5 7. Nb3 Be6 8.
Bg5 Be7 9. Qd2 a5 10. O-O a4 11. Nc1 O-O 12. Bxf6 Bxf6 13. Bf3 Nd4 14. Qd3 Qb6
15. b3 Rfc8 16. N1e2 a3 17. Nxd4 exd4 18. Nd5 Bxd5 19. exd5 g6 20. Rae1 Rc3 21.
Qd1 Qc5 22. Re2 Rc8 23. Be4 Bg7 24. Rfe1 b5 25. Bd3 Be5 26. g3 Qxd5 27. f4 Bf6
28. Re8+ Kg7 29. Rxc8 Rxc8 30. Qe2 Rc3 31. Qe4 Qh5 32. Kg2 Qc5 33. Re2 b4 34.
Kg1 d5 35. Qf3 Qd6 36. Qf1 Rc7 37. Kg2 Ra7 38. Qf2 Rb7 39. Qf1 Rd7 40. Qf2 Ra7
41. Qf1 Rc7 1/2-1/2

[Event "Siebenlehn op 12th"]
[Site "Siebenlehn"]
[Date "2011.12.28"]
[Round "3"]
[White "Damering, Katrin"]
[Black "Lobzhanidze, Davit"]
[Result "0-1"]
[WhiteElo "2023"]
[BlackElo "2487"]
[PlyCount "52"]
[EventDate "2011.12.27"]
[EventType "swiss"]
[EventRounds "7"]
[EventCountry "GER"]
[SourceTitle "OM OTB B 201907"]
[Source "Opening Master"]
[SourceDate "2019.07.06"]
[SourceVersion "2"]
[SourceVersionDate "2019.07.06"]
[SourceQuality "1"]

1. e4 c5 2. Nf3 d6 3. d4 cxd4 4. Nxd4 Nf6 5. Nc3 Nc6 6. Be2 e5 7. Nb3 Be7 8.
O-O O-O 9. Be3 a5 10. a4 Nb4 11. f3 Be6 12. Nc1 d5 13. exd5 Nfxd5 14. Nxd5 Nxd5
15. Bf2 Bg5 16. Re1 Qc7 17. Bb5 Nb4 18. Bd3 Rfd8 19. Qe2 Rac8 20. Ra3 Nxd3 21.
Rxd3 Qxc2 22. Rxd8+ Bxd8 23. Qxe5 Qxc1 24. Rxc1 Rxc1+ 25. Be1 Bb6+ 26. Kh1 Bf2
0-1

[Event "Geneve op 28th"]
[Site "Geneve"]
[Date "2011.12.26"]
[Round "1"]
[White "Leresche, Samuel"]
[Black "Raetsky, Alexander"]
[Result "0-1"]
[WhiteElo "1990"]
[BlackElo "2460"]
[PlyCount "56"]
[EventDate "2011.12.26"]
[EventType "swiss"]
[EventRounds "7"]
[EventCountry "SUI"]
[SourceTitle "OM OTB B 201907"]
[Source "Opening Master"]
[SourceDate "2019.07.06"]
[SourceVersion "2"]
[SourceVersionDate "2019.07.06"]
[SourceQuality "1"]

1. e4 c5 2. Nf3 Nc6 3. d4 cxd4 4. Nxd4 Nf6 5. Nc3 d6 6. Be2 e5 7. Nb3 Be7 8.
O-O O-O 9. Be3 a5 10. a4 Be6 11. Nd5 Nxe4 12. Bb6 Qd7 13. Nc7 Rac8 14. Nxe6
Qxe6 15. Nxa5 Nxa5 16. Bxa5 d5 17. Qd3 b6 18. Be1 Rc4 19. a5 Ra8 20. Qd1 Rd4
21. axb6 Rb8 22. Bd3 Nc5 23. Bc3 Rh4 24. g3 Rh6 25. Bd2 g5 26. Qe2 e4 27. Bb5
Qxb6 28. b4 Ne6 0-1